Normal view
MARC view
- Economics
Entry Topical Term
001 - CONTROL NUMBER
- control field: 49701
003 - CONTROL NUMBER IDENTIFIER
- control field: NUST
005 - DATE AND TIME OF LATEST TRANSACTION
- control field: 20210314134420.0
008 - FIXED-LENGTH DATA ELEMENTS
- fixed length control field: 210314|| aca||aabn | a|a d
040 ## - CATALOGING SOURCE
- Original cataloging agency: NUST
- Transcribing agency: NUST
150 ## - HEADING--TOPICAL TERM
- Topical term or geographic name entry element: Economics
- General subdivision: Religious aspects
- General subdivision: Christianity
670 ## - SOURCE DATA FOUND
- Source citation: Work cat.: (NUST): Childs, Marquis W. 49699, Ethics in a business society,, [1973, c1954]
